01269nam a2200157 a 4500008004100000020001800041041000800059100001800067245008700085250004200172260003500214300001100249500008200260505075400342655001501096180918e2014 sp |||g||||| 001 1 spa d a9788498382808 aspa1 aRiordan, Rick 3aEl mar de los monstruos.bPercy Jackson y los dioses del Olimpo II /cRick Riordan a4a ed.bTraducción Santiago del Rey aBarcelona:bSalamandra;c2014. a253 p. aRiordan, R.(2014). El mar de los monstruos. (4a ed.). Barcelona : Salamandra. aDesde que sabe que es hijo de un dios y una mortal, Percy Jackson espera que el destino le depare continuas aventuras. Y su expectativa se cumplirá con creces. Aunque el nuevo curso en la escuela Meriwether transcurre con inusual normalidad, un simple partido de balón prisionero acaba en batalla campal contra una banda de feroces gigantes. A partir de ahí las cosas se precipitan: el perímetro mágico que protege el campamento mestizo es destruido por in misterioso enemigo y la única seguridad con que contaban los semidioses desaparece. Así, para impedir este daño irreversible, Percy y sus amigos inician la travesía del temible mar de los monstruos en busca de lo único que puede salvar el campamento: el Vellocino de oro.  aLiteratura